| 000 | 00419nam a2200169Ia 4500 | ||
|---|---|---|---|
| 003 | GCL | ||
| 008 | 140319s9999 xx 000 0 eng d | ||
| 040 |
_aGCL / _cGCL |
||
| 082 | 0 | 4 |
_a792.8 _bA B |
| 100 | 1 | _aAU, SUSAN | |
| 245 | 1 | 0 |
_aBALLET & MODERN DANCE / _cAU, SUSAN |
| 260 |
_a[S.N] : _bTHAMES AND HUDSON ، _c1993 |
||
| 300 | _a216 | ||
| 650 | 0 | 4 | _aBALLETS |
| 650 | 0 | 4 | _aBALLET AND MODERN DANCE |
| 942 |
_2ddc _cBK |
||
| 999 |
_c25248 _d25248 |
||